Maternal effects on offspring social status in spotted hyenas /
Đã lưu trong:
| 其他作者: | , , , , , |
|---|---|
| 格式: | Bài viết |
| 语言: | English |
| 主题: | |
| 标签: |
添加标签
没有标签, 成为第一个标记此记录!
|
| Thư viện lưu trữ: | Thư viện Trường Đại học Đà Lạt |
|---|
| LEADER | 01006nam a2200349 4500 | ||
|---|---|---|---|
| 001 | DLU090097910 | ||
| 005 | ##20091201 | ||
| 040 | # | # | |a DLU |b eng |
| 041 | # | # | |a eng |
| 044 | # | # | |a uk |
| 245 | # | # | |a Maternal effects on offspring social status in spotted hyenas / |c Marion L. East ... [et al.]. |
| 653 | # | # | |a Androgens |
| 653 | # | # | |a Behavioral support |
| 653 | # | # | |a Genetic effects |
| 653 | # | # | |a Maternal effects |
| 653 | # | # | |a Spotted hyena |
| 700 | # | # | |a Burke, Terry. |
| 700 | # | # | |a East, Marion L. |
| 700 | # | # | |a Hofer, Heribert. |
| 700 | # | # | |a Honer, Oliver P. |
| 700 | # | # | |a Wachter, Bettina. |
| 700 | # | # | |a Wilhelm, Kerstin. |
| 773 | # | # | |t Behavioral ecology |g Vol. 20, no. 3 (May-June 2009), p. 478-483 |
| 920 | # | # | |a Phòng Tạp chí -- Trung tâm Thông tin - Thư viện Trường Đại học Đà Lạt |
| 994 | # | # | |a DLU |
| 900 | # | # | |a True |
| 911 | # | # | |a Trương Bảo Trâm Anh |
| 925 | # | # | |a G |
| 926 | # | # | |a A |
| 927 | # | # | |a BB |
| 980 | # | # | |a Thư viện Trường Đại học Đà Lạt |